Eres mi Mama? / (Record no. 19418)

MARC details
000 -LEADER
fixed length control field 01526cam a2200433Ia 4500
001 - CONTROL NUMBER
control field ocm48051001
003 - CONTROL NUMBER IDENTIFIER
control field OCoLC
005 - DATE AND TIME OF LATEST TRANSACTION
control field 20210222220019.0
008 - FIXED-LENGTH DATA ELEMENTS--GENERAL INFORMATION
fixed length control field 010928s2001 nyua j 000 1 spa d
010 ## - LIBRARY OF CONGRESS CONTROL NUMBER
LC control number 2001088135
020 ## - INTERNATIONAL STANDARD BOOK NUMBER
Qualifying information (board book)
020 ## - INTERNATIONAL STANDARD BOOK NUMBER
International Standard Book Number 9780375815058
Qualifying information (board book)
035 ## - SYSTEM CONTROL NUMBER
System control number (OCoLC)48051001
040 ## - CATALOGING SOURCE
Original cataloging agency TEF
Language of cataloging eng
Transcribing agency TEF
Modifying agency BAKER
-- BTCTA
-- YDXCP
-- OCLCG
-- KYL
-- BDX
-- E4K
-- NCL
-- OCLCF
-- OCLCQ
-- OCLCO
-- TDS
-- OCL
-- T7B
-- PFLCL
-- OCLCQ
-- IGA
-- TD3
-- OCLCQ
041 1# - LANGUAGE CODE
Language code of text/sound track or separate title spa
Language code of original eng
049 ## - LOCAL HOLDINGS (OCLC)
Holding library ORXA
050 14 - LIBRARY OF CONGRESS CALL NUMBER
Classification number PZ10.3.E27
Item number A7418 2001
082 04 - DEWEY DECIMAL CLASSIFICATION NUMBER
Classification number [E]
Edition number 22
099 ## - LOCAL FREE-TEXT CALL NUMBER (OCLC)
Filing suffix SPANISH
Classification number jbb 2001
100 1# - MAIN ENTRY--PERSONAL NAME
Personal name Eastman, P. D.
Fuller form of name (Philip D.)
240 10 - UNIFORM TITLE
Uniform title <a href="Are you my mother?">Are you my mother?</a>
Language of a work Spanish.
245 10 - TITLE STATEMENT
Title Eres mi Mama? /
Statement of responsibility, etc. escrito e ilustrado por P.D. Eastman ; [traduccion de Désirée Márquez].
260 ## - PUBLICATION, DISTRIBUTION, ETC. (IMPRINT)
Place of publication, distribution, etc. New York :
Name of publisher, distributor, etc. Random House,
Date of publication, distribution, etc. [2001]
300 ## - PHYSICAL DESCRIPTION
Extent 1 volume (unpaged) :
Other physical details color illustrations ;
Dimensions 15 cm.
336 ## - CONTENT TYPE
Content type term text
Content type code txt
Source rdacontent.
337 ## - MEDIA TYPE
Media type term unmediated
Media type code n
Source rdamedia.
338 ## - CARRIER TYPE
Carrier type term volume
Carrier type code nc
Source rdacarrier.
490 1# - SERIES STATEMENT
Series statement Bright and early board books.
520 ## - SUMMARY, ETC.
Summary, etc. The story of a little bird who has lost its mother.
526 0# - STUDY PROGRAM INFORMATION NOTE
Program name Accelerated Reader AR
Interest level LG
Reading level 1.3
Title point value 0.5
Public note 158193.
650 #0 - SUBJECT ADDED ENTRY--TOPICAL TERM
Topical term or geographic name as entry element Birds
Form subdivision Juvenile fiction.
650 #0 - SUBJECT ADDED ENTRY--TOPICAL TERM
Topical term or geographic name as entry element Board books.
650 #7 - SUBJECT ADDED ENTRY--TOPICAL TERM
Topical term or geographic name as entry element Aves
Form subdivision Novela juvenil.
Source of heading or term bidex.
655 #7 - INDEX TERM--GENRE/FORM
Genre/form data or focus term Board books.
Source of term lcgft.
690 ## - LOCAL SUBJECT ADDED ENTRY--TOPICAL TERM (OCLC, RLIN)
Topical term or geographic name as entry element Spanish language edition
Form subdivision Juvenile fiction.
700 1# - ADDED ENTRY--PERSONAL NAME
Personal name Márquez, Désirée.
830 #0 - SERIES ADDED ENTRY--UNIFORM TITLE
Uniform title Bright and early board book.
942 ## - ADDED ENTRY ELEMENTS (KOHA)
Koha item type Libro/Book
Holdings
Withdrawn status Lost status Damaged status Not for loan Home library Current library Date acquired Total Checkouts Barcode Date last seen Date checked out Price effective from Koha item type Total Renewals Checked out Full call number
        San Juan Del Sur -- Mobile Cardenas 27/05/2024 1 33004904 21/08/2024 30/07/2024 27/05/2024 Libro/Book     JI
        La Puerta Biblioteca -- Satellite La Puerta Biblioteca -- Satellite 09/04/2018 13 40301613 07/04/2025 07/04/2025 09/04/2018 Libro/Book 4 23/05/2018  
        La Puerta Biblioteca -- Satellite La Puerta Biblioteca -- Satellite 03/01/2020 12 40302151 05/10/2021 31/08/2021 03/01/2020 Libro/Book      
        Las Brisas 1 -- Satellite Las Brisas 1 -- Satellite 16/04/2018   40001534 16/04/2018   16/04/2018 Libro/Book      
        San Juan Del Sur -- Mobile Maria auxiliadora 21/02/2018 6 33011343 22/02/2022 22/02/2022 21/02/2018 Libro/Book   29/03/2022  
        San Juan Del Sur -- Biblioteca San Juan Del Sur -- Biblioteca 02/05/2014 3 30001117 15/07/2015 12/05/2014 02/05/2014 Libro/Book      
        San Juan Del Sur -- Mobile San Juan Del Sur -- Mobile 27/05/2024 1 33004901 06/11/2024 02/10/2024 27/05/2024 Libro/Book     JI

Powered by Koha